000 00763nam a2200217 a 4500
001 BRCA_2922
005 20190320204030.0
008 121208s1892----mx-a---###---#000-0#spa-u
050 4 _aF1366
_b.M86 1892
100 1 _aMuñoz Camargo, Diego
_d?-1604
_98131
245 1 0 _aHistoria de Tlaxcala
_cpor Diego Muñoz Camargo ; publicada y anotada por Alfredo Chavero.
260 _aMéxico
_bSecretaria de Fomento
_c1892
300 _a278 p.
_bil.
_c25 cm.
500 _aSe hace esta edición para presentarla como un homenaje a Cristobal Colon en la exposición de Chicago.
500 _aB52
651 4 _aMéxico
_xHistoria
_9614
651 4 _aTlaxcala (Estado)
_xHistoria
_98132
700 1 _aChavero, Alfredo
_d1841-1906
_eed
_98133
902 _aGFM
942 _2lcc
_cB
999 _c2661
_d2661